LEADER 01614nam a2200337 a 4500 001 000000143890 003 CaOOAMICUS 005 20150608110646.0 008 150608s1989 sz u000 u fre r 020 $z2051010404* 040 $aPUL$bita 082 04$a195 100 1 $aRoulier, Fernand.$0(OLS)http://pul/name/92433 245 10$aJean Pic de la Mirandole (1463-1494) :$bhumaniste, philosophe et théologien /$cFernand Roulier. 260 $aGeneve :$bSlatkine,$c1989. 300 $a667 p. ;$c20 cm 490 1 $aBibliothèque Franco Simone ;$v17 500 $aComprende indici. 500 $aIn testa al front.: Centre d'études franco-italien - Centro di studi franco-italiani, Universités de Turin et de Savoie - Università di Torino e della Savoia. 504 $aBibliografia in nota. 600 14$aPico della Mirandola, Giovanni,$d1463-1494.$0(OLS)http://pul/subject/8575 710 2 $aCentre d'études franco-italien.$0(OLS)http://pul/name/23799 710 2 $aUniversités de Turin et de Savoie.$0(OLS)http://pul/name/92434 830 0$aBibliothèque Franco Simone ;$v17.$0(OLS)http://pul/title/40308 850 $aPUL 852 $aPUL$W1$xDP2 Filosofia 3$y112$m195 ROUFE 1$j165952$qDDC 21$B166380$CPULBib$Z2$F166380 $H126031 $82 941 1 $a9 996 $6020$z2051010404*$9(OLS)http://pul/number/157796 996 $6082$a195$9(OLS)http://pul/classification/342 996 $6245$aJean Pic de la Mirandole (1463-1494) :$bhumaniste, philosophe et théologien$9(OLS)http://pul/title/182035 996 $6260$aGeneve :$bSlatkine$9(OLS)http://pul/publisher/60353 LEADER 01757nam a2200337 a 4500 001 000000171552 003 CaOOAMICUS 005 20190308130103.0 008 190308t20132003it 000 u ita r 020 $a88-7105-148-3 032 $aLibriCat 040 $aPUL$bita 100 1 $aPaleari, Marco.$0(OLS)http://pul/name/73935 245 13$aIl sacramento dell'eros : $buna lettura simbolico-sapienziale dell'eros benedetto a partire da V. S. Solov'ëv e P. Evdokimov / $cMarco Paleari. 260 $aRoma :$bPontificio Seminario Lombardo,$c©2003$aMilano :$bGlossa$g(stampa 2015) 300 $aIX, 347 p. ;$c24 cm. 490 1 $aDissertatio.$aSeries Romana ;$v37 504 $aBibliografia in nota e alle pag. 315-347. 600 14$aEvdokìmov, Pàvel Nikolàjevi?,$d1901-1970.$0(OLS)http://pul/subject/22683 600 14$aSolov'ëv, Vladimir Sergeevi?,$d1853-1900.$0(OLS)http://pul/subject/20693 650 4$aSessualità$xAspetti morali e religiosi.$0(OLS)http://pul/subject/40277 650 4$aMatrimonio$xAspetti morali e religiosi.$0(OLS)http://pul/subject/69 830 0$aDissertatio.$pSeries Romana ;$v37.$0(OLS)http://pul/title/39146 850 $aPUL 852 $aPUL$W1$xSL Diritto Canonico 1$y5$m148 I 37$j195325$qStampati$B200204$CPULBib$Z2$F200204 $H132268 $82 941 1 $a8 996 $6020$a88-7105-148-3$9(OLS)http://pul/number/165786 996 $6245$aIl sacramento dell'eros : $buna lettura simbolico-sapienziale dell'eros benedetto a partire da V. S. Solov'ëv e P. Evdokimov / $9(OLS)http://pul/title/212357 996 $6260$aRoma :$bPontificio Seminario Lombardo$9(OLS)http://pul/publisher/75656 996 $6260$aMilano :$bGlossa$9(OLS)http://pul/publisher/53656